| 000 | 00673nam a2200241 i 4500 | ||
|---|---|---|---|
| 001 | bgj | ||
| 245 | 1 | 0 |
_aIronie und Dichtung : _bsechs Essays von Beda Allemann [et al.] / _chrsg. von Albert Schaefer. |
| 260 |
_aMünchen : _bVerlag C.H. Beck, _c1970. |
||
| 300 |
_a175 s. ; _c20 cm. |
||
| 490 | 1 |
_aBeck'sche Schwarze Reihe _vBd. 66 |
|
| 650 | 9 | _aLiteratura niemiecka | |
| 700 | 1 | _aSCHAEFER, Albert. | |
| 700 | 1 | _aALLEMAN, Beda. | |
| 830 | _aBeck'sche Schwarze Reihe | ||
| 020 | _a3406024661 | ||
| 040 | _cBPK | ||
| 041 | 0 | _ager | |
| 044 | _aDEU | ||
| 080 | _a821.112.2 | ||
| 920 | _a3-406-02466-1 | ||
| 942 | _cKS | ||
| 008 | s gw f |000 0 ger | ||
| 999 |
_c50930 _d50930 |
||